00377nam a22001337a 450000500170000002000230001703500130004003700130005310000230006624500670008926000440015630000260020070000170022620120510111521.0 a8120312260c150.00 aA-933615 aDPLbENG aFredman, Albert J. aHow matual founds works /cby Albert J. Fredman and Russ Wiles aNew DelhibPrentice-Hall of Indiac1997 axviii, 334p.c20 cms. aWiles, Russ